Critical writings on Commonwealth Literature (Record no. 10503)

MARC details
000 -LEADER
fixed length control field 00546cam a2200193ua 4500
008 - FIXED-LENGTH DATA ELEMENTS--GENERAL INFORMATION
fixed length control field 191019n ii |||gr||||Z||||||eng
020 ## - INTERNATIONAL STANDARD BOOK NUMBER
International Standard Book Number 9788183423113
040 ## - CATALOGING SOURCE
Transcribing agency MAIN
082 ## - DEWEY DECIMAL CLASSIFICATION NUMBER
Classification number 820.9
100 ## - MAIN ENTRY--PERSONAL NAME
Personal name Arvind Kumar Jha,
Relator term
245 ## - TITLE STATEMENT
Title Critical writings on Commonwealth Literature
Statement of responsibility, etc. By Arvind Kumar Jha
250 ## - EDITION STATEMENT
Edition statement 1st ed.
260 ## - PUBLICATION, DISTRIBUTION, ETC.
Place of publication, distribution, etc. New Delhi:
Name of publisher, distributor, etc. Crescent Publishing corporation,
Date of publication, distribution, etc. 2014.
300 ## - PHYSICAL DESCRIPTION
Extent 260p.
942 ## - ADDED ENTRY ELEMENTS (KOHA)
Koha item type Books
653 ## - INDEX TERM--UNCONTROLLED
Uncontrolled term English.& Old English literatures
653 ## - INDEX TERM--UNCONTROLLED
Uncontrolled term Commonwealth literatures
Holdings
Withdrawn status Lost status Damaged status Not for loan Home library Current library Shelving location Date acquired Total Checkouts Full call number Barcode Date last seen Copy number Price effective from Koha item type
        Naharkatiya College Library Naharkatiya College Library General Stacks 19/09/2020   820.9EnglishLiterature | JHA 26933 19/09/2020 1 19/09/2020 Books

Naharkatiya College © 2020. All rights reserved.

Powered By